00458pab a2200145 454500008004000000100001900040245012000059260000900179300001300188362000800201650002300209650002300232650001200255773004500267180718b1998 xxu||||| |||| 00| 0 eng d aKochar, Anjini aEvaluating family support for the elderly: the intra household allocation of medical expenditures in rural Pakistan c1998 ap.621-36 aApr aOld age - Pakistan aElderly - Pakistan aElderly aEconomic Development and Cultural Change